00638nam a2200205 i 450000100060000000300090000600500170001500700030003200800410003510000200007624500810009625000110017726000600018830000220024849000480027065000210031865000240033983000480036385200210041132487ES-MaACL20250804012819.0t|030131s1934 fr ||||1| fre d1 aBergson, Henri.13aLa pensée et le mouvant b: essais et conférences / cpar Henri Bergson. a2e ed. aParis : bFélix Alcan, c1934 (eChartres : fDurand) a322 p. ; c23 cm.1 aBibliothèque de philosophie contemporaine 4aEpistemología. 7aMetafísica2embne1 aBibliothèque de philosophie contemporaine aES-MaACLjA-2663